000 00727nam a22002297a 4500
003 UA-OsUOA
001 61041
007 ta
008 20090615b un ||||| |||| 00| 0 ukr d
090 _a94:902(477)
_bН17
942 _cBK
040 _aUA-OsUOA
_bukr
_cUA-OsUOA
_dUA-OsUOA
245 _aНадчорномор'я: студії з історії та археології (з ІХ ст. до н. е. по ХІХ ст. н.е.)
_bзбірник
_cН. А. Ярко
300 _a180 с.
955 _a1
041 _aukr
080 _a94:902(477)
020 _a978-966-02-4672-0
260 _aК.
_bІІУ НАНУ
_c2008
650 7 _a9 Географія. Біографії. Історія
_2UDC
999 _c347430
_d347430